| 000 | 00512nam a2200169Ia 4500 | ||
|---|---|---|---|
| 008 | 230925s9999||||xx |||||||||||||| ||und|| | ||
| 082 | _a621.45 NAZ | ||
| 100 |
_aNaz, Rabbia (330655) _9118251 |
||
| 245 | 0 | _aPreparation of ZIF-67 Derived Quaternary Composites as Electrode Materials for Supercapacitor / | |
| 260 |
_bUSPCAS-E, NUST,Islamabad : _c2023 |
||
| 300 | _axiv, 72 p. | ||
| 520 | _aTH-472 | ||
| 650 |
_vMS Thesis _918721 |
||
| 650 | _vMS-ESE Thesis | ||
| 700 | _aDr Ghulam Ali | ||
| 942 |
_cTHE _2ddc |
||
| 999 |
_c603219 _d603219 |
||